000 00648nam a2200277Ia 4500
005 20260324122231.0
008 008 260324s9999 xx 000 0 eng d
020 _a9781315216027
037 _aEBOOK
040 _aCRL
040 _beng
040 _cCRL
041 _2eng
041 _aeng
084 _qCRL
100 _aKrzysztof Iniewski
_91165652
245 0 _aSmart Sensors for Industrial Applications
260 _bTaylor and Francis
260 _c2013
365 _a
365 _b560
856 _uhttp://www.taylorfrancis.com/books/9781315216027
942 _cEBOOK
999 _c1758230
_d1758230